Ripley's library research skills : (Record no. 108851)
[ view plain ]
| 000 -LEADER | |
|---|---|
| fixed length control field | 00389nam a2200133 a 4500 |
| 005 - DATE AND TIME OF LATEST TRANSACTION | |
| control field | 20140414093833.0 |
| 008 - FIXED-LENGTH DATA ELEMENTS--GENERAL INFORMATION | |
| fixed length control field | 970109s19uu xx 00 eng d |
| 050 ## - LIBRARY OF CONGRESS CALL NUMBER | |
| Classification number | VHS 300 |
| Item number | OR 12 |
| 100 ## - MAIN ENTRY--PERSONAL NAME | |
| Personal name | SVE Society for Visual Education. |
| 245 ## - TITLE STATEMENT | |
| Title | Ripley's library research skills : |
| Remainder of title | learning the way to wuality multi-media education. |
| 260 ## - PUBLICATION, DISTRIBUTION, ETC. (IMPRINT) | |
| Name of publisher, distributor, etc | Felta. |
| 942 ## - ADDED ENTRY ELEMENTS (KOHA) | |
| Koha item type | Audio Visual Materials |
| Withdrawn status | Lost status | Damaged status | Home library | Current library | Shelving location | Date acquired | Source of acquisition | Total Checkouts | Full call number | Barcode | Date last seen | Price effective from | Koha item type |
|---|---|---|---|---|---|---|---|---|---|---|---|---|---|
| Luxembourg Library | Luxembourg Library | Audio Visual Material Section | 06/20/2003 | VHS 300 OR 12 | AV0320 | 04/14/2014 | 04/14/2014 | Audio Visual Materials |